00698nam a2200241 a 4500001001300000003000900013005001700022008004100039020000900080082002000089100001700109245003000126260004000156300000900196500003500205505002900240650001900269700001700288902000800305942000700313952011900320999001700439nice12345678IN_TiNIC20260116014238.0050524s2004 newa grp 000 0 urd  ac5000a305.480297bISR aIsrar, Ahmad aIslam Mein Aurat Ka Muqam aNew DelhibAreeb Publicationsc2004 a150p aincludes index and biblioraphy2 aConclusion, Bibliography aWomen in Islam1 aIsrar, Ahmad bSRS cBK 001040708StackRoom-aHMIbHMId2007-03-26g50.00l0o305.480297 ISRp021172r2022-12-20v50.00w2005-05-24yBK c14495d14495